<?xml version="1.0" encoding="UTF-8"?><?xml-stylesheet type="text/xsl" href="static/style.xsl"?><OAI-PMH xmlns="http://www.openarchives.org/OAI/2.0/" xmlns:xsi="http://www.w3.org/2001/XMLSchema-instance" xsi:schemaLocation="http://www.openarchives.org/OAI/2.0/ http://www.openarchives.org/OAI/2.0/OAI-PMH.xsd"><responseDate>2026-04-17T14:53:34Z</responseDate><request verb="GetRecord" identifier="oai:www.recercat.cat:2117/447269" metadataPrefix="marc">https://recercat.cat/oai/request</request><GetRecord><record><header><identifier>oai:recercat.cat:2117/447269</identifier><datestamp>2026-01-21T10:44:52Z</datestamp><setSpec>com_2072_1033</setSpec><setSpec>col_2072_452950</setSpec></header><metadata><record xmlns="http://www.loc.gov/MARC21/slim" xmlns:dcterms="http://purl.org/dc/terms/" xmlns:xsi="http://www.w3.org/2001/XMLSchema-instance" xmlns:doc="http://www.lyncode.com/xoai" xsi:schemaLocation="http://www.loc.gov/MARC21/slim http://www.loc.gov/standards/marcxml/schema/MARC21slim.xsd">
   <leader>00925njm 22002777a 4500</leader>
   <datafield ind2=" " ind1=" " tag="042">
      <subfield code="a">dc</subfield>
   </datafield>
   <datafield ind2=" " ind1=" " tag="720">
      <subfield code="a">Asensio Jurado, Laura</subfield>
      <subfield code="e">author</subfield>
   </datafield>
   <datafield ind2=" " ind1=" " tag="720">
      <subfield code="a">Argilés Sans, Marc</subfield>
      <subfield code="e">author</subfield>
   </datafield>
   <datafield ind2=" " ind1=" " tag="720">
      <subfield code="a">Quevedo Junyent, Luisa Jesús</subfield>
      <subfield code="e">author</subfield>
   </datafield>
   <datafield ind2=" " ind1=" " tag="720">
      <subfield code="a">Levi, Dennis M.</subfield>
      <subfield code="e">author</subfield>
   </datafield>
   <datafield ind2=" " ind1=" " tag="260">
      <subfield code="c">2026-02</subfield>
   </datafield>
   <datafield ind2=" " ind1=" " tag="520">
      <subfield code="a">Emerging treatments, including virtual reality (VR)-based therapies, video games, and movies, have been proposed to enhance stereoacuity in individuals with binocular vision disorders such as amblyopia and strabismus. However, their comparative effectiveness remains uncertain. This systematic review and meta-analysis aimed to evaluate the effectiveness of these emerging treatments in improving stereoacuity through within-group analyses, and to compare their outcomes with occlusion, in studies with direct group comparisons. We conducted comprehensive literature searches in PubMed, MEDLINE, Cochrane Library, Scopus, and Web of Science. Eligible studies included randomized controlled trials, cohort studies, and case-control studies reporting stereoacuity outcomes. The primary outcome was the change in stereoacuity (log arcsec). A random-effects meta-analysis, subgroup comparisons, and meta-regressions were performed. Twenty-six studies were included. The pooled mean improvement in stereoacuity was 0.26 log arcsec, i.e. a factor of 1.82 (95 % CI: 0.19–0.33). Emerging treatments yielded significant within-group improvements, with no significant difference compared to occlusion therapy. VR-based interventions did not show statistically significant advantages over non-VR binocular treatments. Movies showed slightly greater gains than video games, but differences were not significant after correction. In regression analyses, no predictors remained significant after Bonferroni correction. Heterogeneity was moderate, reflecting variability across studies. In conclusion, emerging therapies demonstrate measurable benefits in enhancing stereoacuity. However, they have not consistently outperformed occlusion.</subfield>
   </datafield>
   <datafield ind2=" " ind1=" " tag="520">
      <subfield code="a">Peer Reviewed</subfield>
   </datafield>
   <datafield ind2=" " ind1=" " tag="520">
      <subfield code="a">Postprint (author's final draft)</subfield>
   </datafield>
   <datafield tag="653" ind2=" " ind1=" ">
      <subfield code="a">Àrees temàtiques de la UPC::Ciències de la visió::Optometria::Agudesa visual</subfield>
   </datafield>
   <datafield tag="653" ind2=" " ind1=" ">
      <subfield code="a">Stereopsis: Amblyopia</subfield>
   </datafield>
   <datafield tag="653" ind2=" " ind1=" ">
      <subfield code="a">Video Games</subfield>
   </datafield>
   <datafield tag="653" ind2=" " ind1=" ">
      <subfield code="a">3D Movies</subfield>
   </datafield>
   <datafield tag="653" ind2=" " ind1=" ">
      <subfield code="a">Visual acuity</subfield>
   </datafield>
   <datafield tag="653" ind2=" " ind1=" ">
      <subfield code="a">Strabismus</subfield>
   </datafield>
   <datafield tag="653" ind2=" " ind1=" ">
      <subfield code="a">Anisometropia</subfield>
   </datafield>
   <datafield ind2="0" ind1="0" tag="245">
      <subfield code="a">Emerging therapies for improving stereoacuity in amblyopia. A systematic review and meta-analysis</subfield>
   </datafield>
</record></metadata></record></GetRecord></OAI-PMH>